00501nam a2200193 a 4500001001300000003000900013005001700022008004100039020002300080082001400103100002100117245002100138260004400159300000900203500003500212505001700247650002200264700002100286nice12345678IN_TiNIC20260116014551.0050524s2002 lona grp 000 0 eng  a0195117 c65000a170bGAN1 aGaneri, Jonardon aEthics and Epics aLondan bOxford University Press c2002 a445p aincludes index and biblioraphy2 aBibliography aEthics-Philosophy1 aGaneri, Jonardon